00828cam a22002894a 450000100090000000300070000900500170001600800410003301000170007402000220009103500200011304000230013304200080015605000220016406000210018608200160020724500600022325000120028326000310029530000440032650400510037065000260042165000180044765000320046565000180049770000230051512442260CBULib20240506092152.0010615s2002 moua b 001 0 eng  a 2001042766 a0323012132 (pbk.) a(DNLM)101120655 aDNLM/DLCcDLCdDLC apcc00aQR46b.M4683 200210aQW 4bM4862 200200a616/.0122100aMedical microbiology /cPatrick R. Murray ... [et al.]. a4th ed. aSt. Louis :bMosby,cc2002 ax, 826 p. :bill. (some col.) ;c28 cm. aIncludes bibliographical references and index. 0aMedical microbiology.12aMicrobiology.22aMicrobiological Techniques.22aParasitology.1 aMurray, Patrick R.